000 00543nam a2200157Ia 4500
008 220216s9999 xx 000 0 und d
100 _aReghu C P
245 0 _aAnalysis of wood in Hevea brasiliensis: Estimation and quantification of lignin bio-polymer and cell wall phenolics
260 _bIRRDB International Rubber Conference 14-17 December 2011, Chiang Mai, Thailand.
650 _aCell wall phenolics
650 _aLignification
650 _aRubberwood
650 _aTimber quality
650 _aWild Hevea germplasm
942 _cBS
999 _c51519
_d51519